Cancionero infantil : (Registro nro. 17831)
[ vista simple ]
| 000 -CABECERA | |
|---|---|
| campo de control de longitud fija | 00585cam a2200181 a 4500 |
| 001 - NÚMERO DE CONTROL | |
| campo de control | 000018310 |
| 005 - FECHA Y HORA DE LA ÚLTIMA TRANSACCIÓN | |
| campo de control | 20200929165441.0 |
| 008 - DATOS DE LONGITUD FIJA--INFORMACIÓN GENERAL | |
| campo de control de longitud fija | 830126s1964 sp 000 0 spa d |
| 040 ## - FUENTE DE LA CATALOGACIÓN | |
| Centro catalogador/agencia de origen | DO-SdBNP |
| Lengua de catalogación | spa |
| Centro/agencia transcriptor | LC |
| Centro/agencia modificador | BNPHU |
| 049 ## - FONDOS LOCALES (OCLC) | |
| Fondos de biblioteca | BNGR |
| 245 00 - MENCIÓN DE TÍTULO | |
| Título | Cancionero infantil : |
| Resto del título | antología / |
| Mención de responsabilidad, etc. | [compilación] Bonifacio Gil. |
| 260 ## - PUBLICACIÓN, DISTRIBUCIÓN, ETC. | |
| Lugar de publicación, distribución, etc. | Madrid : |
| Nombre del editor, distribuidor, etc. | Taurus, |
| Fecha de publicación, distribución, etc. | 1964. |
| 300 ## - DESCRIPCIÓN FÍSICA | |
| Extensión | 163 p. : |
| Otras características físicas | il. ; |
| Dimensiones | 18 cm. |
| 490 1# - MENCIÓN DE SERIE | |
| Mención de serie | Ser y tiempo. Temas de España |
| Designación de volumen o secuencia | 25 |
| 700 1# - PUNTO DE ACCESO ADICIONAL--NOMBRE DE PERSONA | |
| Nombre de persona | Gil, Bonifacio, |
| Término indicativo de función/relación | comp. |
| 9 (RLIN) | 39656 |
| 830 #0 - PUNTO DE ACCESO ADICIONAL DE SERIE-TÍTULO UNIFORME | |
| Título uniforme | Ser y tiempo. |
| Nombre de parte o sección de la obra | Temas de España |
| Designación de volumen o secuencia | 25 |
| 9 (RLIN) | 39657 |
| 910 ## - DATOS DE OPCIÓN DEL USUARIO (OCLC) | |
| Datos de opción del usuario | Catalogación derivada / LC |
| Estado de retiro | Estado de pérdida | Restricciones de uso | No para préstamo | Código de colección | Localización permanente | Ubicación/localización actual | Ubicación en estantería | Fecha de adquisición | Número de inventario | Total de préstamos | Signatura topográfica completa | Código de barras | Fecha visto por última vez | Precio válido a partir de | Tipo de ítem Koha |
|---|---|---|---|---|---|---|---|---|---|---|---|---|---|---|---|
| Monografías: Libros y Folletos | General | General | En catalogación | 27.04.2010 | LF1 | 18310-10 | 25.06.2020 | 25.06.2020 | Préstamo en sala |
